| 000 | nam a22 a 4500 | ||
|---|---|---|---|
| 999 |
_c156125 _d156125 |
||
| 003 | BLK | ||
| 005 | 20221212131811.0 | ||
| 008 | 180410b bul|||||r ||||||| ||bul|| | ||
| 010 | _aKNG00162894000 | ||
| 040 | _aBLK | ||
| 041 |
_aBUL _cBUL |
||
| 080 |
_aВътрешна политика. Вж и 329 _b323 _x(73) _z323(73) |
||
| 080 |
_aМеждународни политически отношения. Световна политика. Международна политика. Дипломация _b327 _x(73) _z327(73) |
||
| 100 | 1 |
_aТодорчев, Георги _eпърви автор _9381203 |
|
| 139 |
_aТодорчев, Георги _bТ 64 |
||
| 245 | 1 | 0 |
_aСАЩ _bКореспондентът на БТА съобщава : Очерци _cГеорги Тодорчев. |
| 257 | _aBGR | ||
| 260 |
_bПартиздат _c1981 _fВ. Търново : Д. Найденов _aСофия |
||
| 300 |
_a479 с. _c20 см |
||
| 380 | _a3 | ||
| 500 | _a6 115 тир. | ||
| 650 | 0 |
_9485005 _aСАЩ - политика - очерци |
|
| 852 |
_aЦб 109398 _bЦб |
||
| 942 |
_cKNG _n0 _s1 |
||
| 944 |
_aCR _c10.07.2014 _l10.07.2014 - от С1,Р / 10.07.2014 _kЛюбка_Николова |
||
| 944 |
_aED _c2022-12-12 _l2022-12-12 |
||